000 03463nam a22002897a 4500
003 DO-CoUTE
005 20260511142510.0
008 260511b dr ||||| |||| 00| 0 spa d
040 _aDO-CoUTE
_bspa
_cDO-CoUTE
041 _aspa
092 _aING 2025 M65
100 1 _aMonge Díaz, Arlin Esther
_eSustentante
245 1 0 _aEvaluación Geoambiental del Vertedero Municipal de Cotuí y su Impacto sobre el suelo, acuíferos y Salud Pública /
_cArlin Esther Monge Díaz, Jorge Luis Cruz Vásquez, Walker De Jesús Almonte, Anyileidy Yepez Antigua, Yostin Domingo Mercado Santos ; Asesor, Abel De Jesús Mota
260 _aCotuí, República Dominicana ;
_bUTECO,
_c2025
300 _a69 Hojas :
_bImagenes ;
_c23cm,
_e+ 1 CD-ROM
502 _a Trabajo de Grado ( Ingeniero Civil) Universidad Tecnológica del Cibao Oriental, 2025
504 _aIncluye referencia bibliográfica e índice.
520 _aEl presente proyecto tuvo como objetivo realizar una evaluación geoambiental del vertedero municipal de Cotuí y su impacto sobre el suelo, acuíferos y salud pública; se efectuó en la comunidad de Platanal y se realizó desde septiembre 2025 hasta enero del 2026. Su diseño fue no experimental, con un enfoque mixto, siendo de tipo documental, descriptiva y de campo. Como la población exacta no era conocida, se utilizó un muestreo por cuota. Para este estudio, se seleccionaron 30 moradores del sector y tres representantes de entidades locales (Ayuntamiento Municipal, Ministerio de Medio Ambiente y Salud Pública), sin emplear fórmulas específicas para la selección. Se utilizó el fichaje y el análisis de los datos; además se aplicó un cuestionario con preguntas cerradas para ser aplicado a los moradores de la cercanía al vertedero y otro de preguntas abiertas a autoridades del municipio, ambos fueron validados por el asesor y el jurado examinador del proyecto. xiv En el presente se presentaron los resultados en cuadros, además se discutieron las implicaciones de los hallazgos y su relación con la literatura existente. Se realizaron entrevistas a autoridades municipales, expertos ambientales y ciudadanos en general. Concluye que la ubicación actual del vertedero presenta un riesgo significativo de contaminación de las aguas subterráneas, ya que carece de sistemas de impermeabilización de fondo y de captación y tratamiento de lixiviados, elementos cruciales para la protección de los acuíferos. Tiene parámetros contaminantes críticos, incluyendo coliformes fecales y metales pesados. Hay familiares con problemas respiratorios frecuentes y malestares estomacales en niños; de acuerdo a los moradores de Platanal existe una profunda inquietud sobre la posible contaminación de su comida o agua y la operación del vertedero ha afectado la paz familiar; aunque el Ministerio de Salud Pública indicó que no ha detectado casos de enfermedades en las zonas próximas al vertedero que pudieran estar directamente relacionadas con la polución.
650 4 _aEvaluación Geoambiental
700 1 _aArlin Esther Monge Díaz
_eSustentante
700 1 _aJorge Luis Cruz Vásquez
_eSustentante
700 1 _aWalker De Jesús Almonte
_eSustentante
700 1 _aAbel De Jesús Mota
_eAsesor
830 _aTesis y disertaciones académicas (Universidad Tecnológica del Cibao Oriental)
856 _yHaga Click Aquí para Descargar en Texto Completo
942 _2ddc
_cTH
999 _c24182
_d24182